The Influence of Chemistry on New Foods and Traditional Products

This Brief concerns the influence of chemistry in the modern food and beverages industry. The world of traditional foods has been soundlessly but increasingly interconnected with the chemical industry in the last century. Different areas are considered in a  multidisciplinary approach: - the product...

Πλήρης περιγραφή

Λεπτομέρειες βιβλιογραφικής εγγραφής
Κύριοι συγγραφείς: Barbieri, Giampiero (Συγγραφέας), Barone, Caterina (Συγγραφέας), Bhagat, Arpan (Συγγραφέας), Caruso, Giorgia (Συγγραφέας), Conley, Zachary Ryan (Συγγραφέας), Parisi, Salvatore (Συγγραφέας)
Συγγραφή απο Οργανισμό/Αρχή: SpringerLink (Online service)
Μορφή: Ηλεκτρονική πηγή Ηλ. βιβλίο
Γλώσσα:English
Έκδοση: Cham : Springer International Publishing : Imprint: Springer, 2014.
Σειρά:SpringerBriefs in Molecular Science,
Θέματα:
Διαθέσιμο Online:Full Text via HEAL-Link
LEADER 03316nam a22005775i 4500
001 978-3-319-11358-6
003 DE-He213
005 20151031061044.0
007 cr nn 008mamaa
008 140913s2014 gw | s |||| 0|eng d
020 |a 9783319113586  |9 978-3-319-11358-6 
024 7 |a 10.1007/978-3-319-11358-6  |2 doi 
040 |d GrThAP 
050 4 |a TP248.65.F66 
072 7 |a TDCT  |2 bicssc 
072 7 |a TEC012000  |2 bisacsh 
082 0 4 |a 641.3  |2 23 
082 0 4 |a 664  |2 23 
100 1 |a Barbieri, Giampiero.  |e author. 
245 1 4 |a The Influence of Chemistry on New Foods and Traditional Products  |h [electronic resource] /  |c by Giampiero Barbieri, Caterina Barone, Arpan Bhagat, Giorgia Caruso, Zachary Ryan Conley, Salvatore Parisi. 
264 1 |a Cham :  |b Springer International Publishing :  |b Imprint: Springer,  |c 2014. 
300 |a VI, 65 p. 15 illus., 11 illus. in color.  |b online resource. 
336 |a text  |b txt  |2 rdacontent 
337 |a computer  |b c  |2 rdamedia 
338 |a online resource  |b cr  |2 rdacarrier 
347 |a text file  |b PDF  |2 rda 
490 1 |a SpringerBriefs in Molecular Science,  |x 2191-5407 
505 0 |a The Problem of Aqueous Absorption in Processed Cheeses.- The Prediction of Shelf Life Values in Function of the Chemical Composition in Soft Cheeses.- Chemical and Health Features of Cooked Cold Meats -- Sweet Compounds in Foods: Sugar Alcohols -- Food Manufacturing and Allergen Management. 
520 |a This Brief concerns the influence of chemistry in the modern food and beverages industry. The world of traditional foods has been soundlessly but increasingly interconnected with the chemical industry in the last century. Different areas are considered in a  multidisciplinary approach: - the production of chemical additives and of non-food components needed in the food industry (e.g. packaging materials) - the regulatory perspective of the whole food production chain - commercialization of food commodities - the problem of food safety from the viewpoint of official auditors with medical or veterinarian competencies - new and emerging risks related to food packaging materials - the assessment of the authenticity of edible products. This Brief includes different viewpoints, ranging from the management of allergens and food additives in the food plant to the complex matter of the formulation of traditional products with the consequent production of “alternative” versions of the same food. 
650 0 |a Chemistry. 
650 0 |a Medical microbiology. 
650 0 |a Food  |x Biotechnology. 
650 0 |a Nutrition. 
650 0 |a Allergy. 
650 1 4 |a Chemistry. 
650 2 4 |a Food Science. 
650 2 4 |a Nutrition. 
650 2 4 |a Allergology. 
650 2 4 |a Medical Microbiology. 
700 1 |a Barone, Caterina.  |e author. 
700 1 |a Bhagat, Arpan.  |e author. 
700 1 |a Caruso, Giorgia.  |e author. 
700 1 |a Conley, Zachary Ryan.  |e author. 
700 1 |a Parisi, Salvatore.  |e author. 
710 2 |a SpringerLink (Online service) 
773 0 |t Springer eBooks 
776 0 8 |i Printed edition:  |z 9783319113579 
830 0 |a SpringerBriefs in Molecular Science,  |x 2191-5407 
856 4 0 |u http://dx.doi.org/10.1007/978-3-319-11358-6  |z Full Text via HEAL-Link 
912 |a ZDB-2-CMS 
950 |a Chemistry and Materials Science (Springer-11644)